000 00341nam a2200133 a 4500
001 4140
005 20140414131852.0
008 090218s19uu xx 00 eng d
050 _aREF 611
_bSw5 2004
100 _aSwift, Christine
245 _aMy first book of human body.
650 _aHuman anatomy
_xJuvenile literature
999 _c110224
_d110224